[Event "Richmond Keres Memorial 42nd"]
[Site "Richmond"]
[Date "2017.05.20"]
[Round "1"]
[White "Gentes, Kevin"]
[Black "North, Robert"]
[Result "1-0"]
[WhiteElo "2350"]
[BlackElo "2056"]
[PlyCount "53"]
[EventDate "2017.05.20"]
[EventType "swiss"]
[EventRounds "6"]
[EventCountry "CAN"]
[SourceTitle "CBM 178 Extra"]
[Source "ChessBase"]
[SourceDate "2017.06.22"]
[SourceVersion "1"]
[SourceVersionDate "2017.06.22"]
[SourceQuality "1"]

1. e4 c5 2. Nf3 e6 3. c4 Nc6 4. Nc3 a6 5. d4 cxd4 6. Nxd4 Qc7 7. Be3 Nf6 8. Rc1 Bb4 9. f3 d6 10. Nb3 0-0 11. a3 Bxc3+ 12. Rxc3 b6 13. Be2 Nd7 14. Nd4 Nxd4 15. Qxd4 Nc5 16. 0-0 e5 17. Qd2 Be6 18. Rd1 Rad8 19. b4 Nb7 20. Bf1 Rd7 21. Rcc1 f5 22. exf5 Rxf5 23. Bd3 Rf8 24. Qf2 Qb8 25. Bxb6 d5 26. cxd5 Bxd5 27. Bxa6 1-0

[Event "Winnipeg Rosenbloom Memorial"]
[Site "Winnipeg"]
[Date "2016.11.15"]
[Round "3"]
[White "Wiebe, Isaac"]
[Black "Gentes, Kevin"]
[Result "0-1"]
[WhiteElo "2186"]
[BlackElo "2363"]
[PlyCount "96"]
[EventDate "2016.11.01"]
[EventType "swiss"]
[EventRounds "7"]
[EventCountry "CAN"]
[SourceTitle "EXT 2022"]
[Source "ChessBase"]
[SourceDate "2021.10.06"]
[SourceVersion "1"]
[SourceVersionDate "2021.10.06"]
[SourceQuality "1"]

1. e4 e5 2. Nf3 Nc6 3. Bc4 g6 4. c3 Bg7 5. d4 d6 6. h3 Qe7 7. 0-0 Nf6 8. Re1 0-0 9. Nbd2 Nd7 10. Nf1 Nb6 11. Bb3 h6 12. Ne3 exd4 13. cxd4 Na5 14. Nd5 Qd8 15. Nxb6 axb6 16. Bd2 Nxb3 17. Qxb3 Bd7 18. Rac1 Re8 19. a3 Ba4 20. Qd3 c6 21. Bc3 d5 22. exd5 Qxd5 23. Rxe8+ Rxe8 24. Re1 Rxe1+ 25. Nxe1 Qe6 26. Nf3 Bb3 27. Ne5 g5 28. Qe3 Bd5 29. Ng4 h5 30. Qxe6 Bxe6 31. Ne5 f6 32. Nf3 Bd5 33. Nd2 Kf7 34. f3 f5 35. Kf2 Bf8 36. Bb4 c5 37. dxc5 bxc5 38. Bc3 b5 39. Nf1 f4 40. Nd2 Bd6 41. Ke2 c4 42. Ne4 Bxe4 43. fxe4 Ke6 44. Bd2 g4 45. hxg4 hxg4 46. Kf2 Ke5 47. g3 Bc5+ 48. Kf1 f3 0-1

[Event "British Columbia-ch"]
[Site "Vancouver"]
[Date "2016.10.10"]
[Round "7.3"]
[White "Salcedo, Daniel"]
[Black "Gentes, Kevin"]
[Result "0-1"]
[WhiteElo "1996"]
[BlackElo "2350"]
[PlyCount "76"]
[EventDate "2016.10.07"]
[EventType "tourn"]
[EventRounds "7"]
[EventCountry "CAN"]
[SourceTitle "EXT 2022"]
[Source "ChessBase"]
[SourceDate "2021.10.06"]
[SourceVersion "1"]
[SourceVersionDate "2021.10.06"]
[SourceQuality "1"]

1. d4 Nf6 2. Nf3 e6 3. Bg5 d5 4. e3 Be7 5. c4 0-0 6. Nc3 h6 7. Bh4 b6 8. Bd3 Bb7 9. 0-0 Nbd7 10. cxd5 Nxd5 11. Bxe7 Qxe7 12. Rc1 c5 13. a3 Rfd8 14. Qe2 Rab8 15. Ba6 Ba8 16. Nb5 N7f6 17. Ne5 Ne4 18. f4 f6 19. Nc4 Nc7 20. Nxc7 Qxc7 21. Nd2 Nxd2 22. Qxd2 b5 23. a4 Qb6 24. Bxb5 cxd4 25. Bd3 dxe3 26. Qe2 Qxb2 27. Rc2 Qd4 28. Bc4 Bd5 29. Bxd5 Rxd5 30. h3 Kh8 31. Rf3 Qxa4 32. Rxe3 Qxf4 33. g3 Qf5 34. Kh2 e5 35. Rf3 Qd7 36. Rfc3 Rd8 37. Qe3 Rd2+ 38. Rxd2 Qxd2+ 0-1

[Event "Victoria Grand Pacific op 10th"]
[Site "Victoria"]
[Date "2016.03.25"]
[Round "1"]
[White "Kenney, David"]
[Black "Gentes, Kevin"]
[Result "0-1"]
[WhiteElo "1920"]
[BlackElo "2347"]
[PlyCount "114"]
[EventDate "2016.03.25"]
[EventType "swiss"]
[EventRounds "6"]
[EventCountry "CAN"]
[SourceTitle "CBM 171 Extra"]
[Source "ChessBase"]
[SourceDate "2016.04.26"]
[SourceVersion "1"]
[SourceVersionDate "2016.04.26"]
[SourceQuality "1"]

1. d4 Nf6 2. Nf3 e6 3. e3 b6 4. Bd3 Bb7 5. Nbd2 c5 6. 0-0 Nc6 7. c3 Be7 8. Qe2 cxd4 9. exd4 0-0 10. Ne4 d6 11. Re1 a6 12. Nxf6+ Bxf6 13. Bf4 g6 14. Rad1 Ne7 15. Bh6 Re8 16. Bf4 Nd5 17. Bg3 b5 18. a3 Qd7 19. Nd2 Be7 20. Be4 f5 21. Bxd5 Bxd5 22. f4 Qc6 23. Qf2 Bf6 24. Re2 a5 25. Bh4 Bg7 26. Rde1 Rac8 27. h3 b4 28. axb4 axb4 29. cxb4 Qb6 30. Nf3 Qxb4 31. Kh2 h6 32. Kh1 Rc4 33. Rd1 Rec8 34. Qe1 Qxe1+ 35. Bxe1 Rc1 36. Rxc1 Rxc1 37. Kh2 Rd1 38. Bc3 Kf7 39. Kg3 Bxf3 40. Kxf3 Bxd4 41. Bxd4 Rxd4 42. Rc2 Rd3+ 43. Kf2 Rb3 44. Ke2 g5 45. fxg5 hxg5 46. Kf2 f4 47. Ke2 Kf6 48. Kf2 Kf5 49. Ke2 d5 50. Rd2 Ke4 51. Kf2 e5 52. Re2+ Kf5 53. Rd2 d4 54. Ke2 Ke4 55. Kf2 d3 56. g3 fxg3+ 57. Kxg3 Ke3 0-1

[Event "CAN-ch"]
[Site "Guelph"]
[Date "2015.07.14"]
[Round "7"]
[White "Barron, Michael"]
[Black "Gentes, Kevin"]
[Result "1-0"]
[WhiteElo "2192"]
[BlackElo "2306"]
[PlyCount "87"]
[EventDate "2015.07.10"]
[EventType "swiss"]
[EventRounds "9"]
[EventCountry "CAN"]
[SourceTitle "CBM 167 Extra"]
[Source "ChessBase"]
[SourceDate "2015.09.14"]
[SourceVersion "1"]
[SourceVersionDate "2015.09.14"]
[SourceQuality "1"]

1. e4 e5 2. Nf3 Nc6 3. Bb5 a6 4. Ba4 Nf6 5. 0-0 Be7 6. Re1 b5 7. Bb3 d6 8. c3 0-0 9. d4 Bg4 10. d5 Na5 11. Bc2 c6 12. h3 Bc8 13. dxc6 Qc7 14. Nbd2 Qxc6 15. Nf1 Nc4 16. a4 Be6 17. Qe2 Rfe8 18. Bd3 Nd7 19. b3 Ncb6 20. axb5 axb5 21. Bb2 Bxb3 22. Bxb5 Qc7 23. Ne3 Be6 24. c4 Reb8 25. Nd5 Bxd5 26. cxd5 Nc5 27. Bc6 Rxa1 28. Rxa1 Nbd7 29. Bc3 Nf6 30. Nd2 g6 31. g3 Kg7 32. Kg2 Nb3 33. Ra4 Nd7 34. Nxb3 Rxb3 35. Qc4 Nc5 36. Ra8 Rxc3 37. Qxc3 Nxe4 38. Qe3 Nc5 39. Qa3 Qb6 40. Qa7 Qb2 41. Qxe7 Ne4 42. Qa7 Qe2 43. Qe3 Qc4 44. Ra4 1-0

[Event "CAN-ch"]
[Site "Guelph"]
[Date "2015.07.13"]
[Round "6"]
[White "Gentes, Kevin"]
[Black "Noritsyn, Nikolay"]
[Result "0-1"]
[WhiteElo "2306"]
[BlackElo "2454"]
[PlyCount "148"]
[EventDate "2015.07.10"]
[EventType "swiss"]
[EventRounds "9"]
[EventCountry "CAN"]
[SourceTitle "CBM 167 Extra"]
[Source "ChessBase"]
[SourceDate "2015.09.14"]
[SourceVersion "1"]
[SourceVersionDate "2015.09.14"]
[SourceQuality "1"]

1. Nf3 d6 2. d4 g6 3. g3 Bg7 4. Bg2 c5 5. 0-0 cxd4 6. Nxd4 Qb6 7. Nb3 Nc6 8. Nc3 Bxc3 9. bxc3 Bd7 10. c4 Qb4 11. Bb2 Nf6 12. c5 dxc5 13. Bxf6 exf6 14. Qd6 0-0-0 15. Qxf6 Qc4 16. Rfd1 Be6 17. Bxc6 bxc6 18. Qe5 Bd5 19. Na5 Qb4 20. Rxd5 cxd5 21. Nc6 Qb6 22. Nxd8 Rxd8 23. Rd1 Qe6 24. Qc3 Qc6 25. e3 h5 26. Qg7 Qe6 27. Qc3 Qb6 28. Qg7 Rd7 29. Qf8+ Kc7 30. c4 d4 31. exd4 cxd4 32. c5 Qb5 33. c6 Kxc6 34. Qc8+ Kd5 35. Qa8+ Ke6 36. Re1+ Kf6 37. Qh8+ Kf5 38. Qh6 Kf6 39. Qh8+ Kf5 40. Qh6 Qb8 41. Re8 Rd8 42. Re1 Kf6 43. Qd2 Kg7 44. Qd3 Qb2 45. Re2 Qc1+ 46. Kg2 Qc6+ 47. Kg1 Rd7 48. h4 Kh7 49. Rc2 Qd5 50. Rd2 Re7 51. Rd1 a5 52. Kh2 Rd7 53. Rd2 Kg7 54. Kg1 Kg8 55. Kh2 Kh7 56. Kg1 Rc7 57. Rd1 Rc4 58. Kh2 Qc5 59. Kg2 a4 60. a3 Kg7 61. Kh2 Kg8 62. Kg2 Kh7 63. Kh2 Qc6 64. Kg1 Kg8 65. Kh2 Kg7 66. Kg1 Qb5 67. Kg2 Qb7+ 68. Kg1 Qb3 69. Kf1 Qxd3+ 70. Rxd3 Kf6 71. Rf3+ Ke6 72. Ke2 f5 73. Rd3 Kd5 74. Kd2 Rc8 0-1

[Event "MCA Champions"]
[Site "Winnipeg"]
[Date "2014.12.09"]
[Round "5"]
[White "Gentes, Kevin"]
[Black "Andraschko, Felix"]
[Result "1-0"]
[WhiteElo "2283"]
[BlackElo "2102"]
[PlyCount "51"]
[EventDate "2014.11.04"]
[EventType "swiss"]
[EventRounds "6"]
[EventCountry "CAN"]
[SourceTitle "EXT 2019"]
[Source "ChessBase"]
[SourceDate "2018.10.10"]
[SourceVersion "1"]
[SourceVersionDate "2018.10.10"]
[SourceQuality "1"]

1. Nf3 Nf6 2. g3 c5 3. Bg2 Nc6 4. d4 cxd4 5. Nxd4 e5 6. Nxc6 dxc6 7. Qxd8+ Kxd8 8. Nd2 Bd6 9. 0-0 Be6 10. b3 Kc7 11. Bb2 Nd7 12. Ne4 Be7 13. f4 f6 14. Rad1 exf4 15. gxf4 Rhd8 16. Ng3 Nb6 17. f5 Bf7 18. e4 Bc5+ 19. Kh1 Rxd1 20. Rxd1 Re8 21. e5 fxe5 22. Ne4 Bf8 23. Ng5 Bg8 24. Ne6+ Bxe6 25. Bxe5+ Kc8 26. fxe6 1-0

[Event "Canadian op 51st"]
[Site "Montreal"]
[Date "2014.07.21"]
[Round "4"]
[White "Gentes, Kevin"]
[Black "Vera Gonzalez Quevedo, Reynaldo"]
[Result "1/2-1/2"]
[WhiteElo "2261"]
[BlackElo "2468"]
[PlyCount "57"]
[EventDate "2014.07.19"]
[EventType "swiss"]
[EventRounds "9"]
[EventCountry "CAN"]
[SourceTitle "CBM 161 Extra"]
[Source "ChessBase"]
[SourceDate "2014.08.29"]
[SourceVersion "1"]
[SourceVersionDate "2014.08.29"]
[SourceQuality "1"]

1. d4 d5 2. c4 c6 3. Nf3 Nf6 4. Qb3 e6 5. g3 dxc4 6. Qxc4 b5 7. Qc2 Bb7 8. Bg2 Nbd7 9. 0-0 c5 10. Nbd2 Rc8 11. dxc5 Bxc5 12. Qd3 a6 13. Ng5 Bxg2 14. Kxg2 0-0 15. Nb3 Bb6 16. Nf3 Qc7 17. Bd2 e5 18. Ng5 Rfd8 19. Qf3 Qc2 20. Rfc1 e4 21. Qf5 Qxb2 22. Rxc8 Rxc8 23. Nxe4 Nxe4 24. Qxd7 Rd8 25. Qc6 Nxd2 26. Qxb6 Rf8 27. Qxa6 Nxb3 28. axb3 Qxe2 29. Qb7 1/2-1/2

[Event "Canadian op 51st"]
[Site "Montreal"]
[Date "2014.07.19"]
[Round "1"]
[White "Hansen, Eric"]
[Black "Gentes, Kevin"]
[Result "1-0"]
[WhiteElo "2596"]
[BlackElo "2261"]
[PlyCount "65"]
[EventDate "2014.07.19"]
[EventType "swiss"]
[EventRounds "9"]
[EventCountry "CAN"]
[SourceTitle "CBM 161 Extra"]
[Source "ChessBase"]
[SourceDate "2014.08.29"]
[SourceVersion "1"]
[SourceVersionDate "2014.08.29"]
[SourceQuality "1"]

1. e4 e5 2. Nf3 Nc6 3. Bb5 a6 4. Ba4 Nf6 5. d3 d6 6. c4 Be7 7. h3 Nd7 8. Be3 0-0 9. Nc3 Nc5 10. Bxc6 bxc6 11. Bxc5 dxc5 12. Nxe5 Bf6 13. Nf3 Bxc3+ 14. bxc3 Qf6 15. Rc1 Qg6 16. g4 f5 17. gxf5 Bxf5 18. Rg1 Qe8 19. Rg3 Bg6 20. Qd2 Bh5 21. Nh4 Qf7 22. Rg5 Rad8 23. Rf5 Qe8 24. Qe3 Rxf5 25. Nxf5 Bg6 26. Kd2 Qf8 27. Ng3 Bf7 28. Kc2 Be6 29. Nf1 Qe7 30. Nd2 Rf8 31. f4 g6 32. Rf1 Qh4 33. Rf3 1-0

[Event "Winnipeg TNT June op"]
[Site "Winnipeg"]
[Date "2013.06.11"]
[Round "2"]
[White "Kernetsky, Myron"]
[Black "Gentes, Kevin"]
[Result "0-1"]
[WhiteElo "2060"]
[BlackElo "2283"]
[PlyCount "48"]
[EventDate "2013.06.04"]
[EventType "swiss"]
[EventRounds "4"]
[EventCountry "CAN"]
[SourceTitle "EXT 2022"]
[Source "ChessBase"]
[SourceDate "2021.10.06"]
[SourceVersion "1"]
[SourceVersionDate "2021.10.06"]
[SourceQuality "1"]

1. d4 Nf6 2. c4 g6 3. Nc3 Bg7 4. e4 0-0 5. Nf3 c5 6. d5 d6 7. h3 b5 8. cxb5 a6 9. bxa6 Qa5 10. Bd3 Nxa6 11. 0-0 Nb4 12. Be2 Ba6 13. a3 Bxe2 14. Qxe2 Qa6 15. Qxa6 Rxa6 16. Rd1 Nc2 17. Rb1 Nd7 18. Bd2 Rb8 19. Rdc1 Nd4 20. Nxd4 Bxd4 21. Nd1 Nf6 22. Bg5 Nxe4 23. Bxe7 Re8 24. Bh4 g5 0-1

[Event "Keres Memorial 36th"]
[Site "Vancouver"]
[Date "2011.05.20"]
[Round "1"]
[White "Gentes, Kevin"]
[Black "Pitre, Hanniegn G"]
[Result "1-0"]
[WhiteElo "2268"]
[BlackElo "1994"]
[PlyCount "70"]
[EventDate "2011.05.20"]
[EventType "swiss"]
[EventRounds "7"]
[EventCountry "CAN"]
[SourceTitle "CBM 142 Extra"]
[Source "ChessBase"]
[SourceDate "2011.06.27"]
[SourceVersion "1"]
[SourceVersionDate "2011.06.27"]
[SourceQuality "1"]

1. d4 Nf6 2. c4 g6 3. Nc3 d5 4. Nf3 Bg7 5. e3 0-0 6. Be2 Bg4 7. h3 Bxf3 8. Bxf3 e6 9. Qb3 c5 10. Qxb7 Nbd7 11. cxd5 Rb8 12. Qxa7 Ra8 13. Qb7 cxd4 14. exd4 e5 15. dxe5 Nxe5 16. Be2 Qd6 17. Qb3 Rfb8 18. Qd1 Ra5 19. 0-0 Nxd5 20. a4 Qe6 21. Nb5 Raa8 22. f4 Nd7 23. Bc4 N7f6 24. Ra3 Qc6 25. Bb3 Rd8 26. Qf3 Qc5+ 27. Kh1 Rac8 28. Ra1 h5 29. f5 h4 30. fxg6 fxg6 31. Bg5 Kh7 32. Rac1 Qf8 33. Rxc8 Rxc8 34. Bxh4 Bh6 35. Bxf6 Nxf6 1-0

[Event "Winnipeg Yanofsky Memorial"]
[Site "Winnipeg"]
[Date "2009.09.05"]
[Round "2"]
[White "Gentes, Kevin"]
[Black "Khedkar, Jay S"]
[Result "1-0"]
[WhiteElo "2250"]
[BlackElo "2034"]
[PlyCount "63"]
[EventDate "2009.09.04"]
[EventType "swiss"]
[EventRounds "5"]
[EventCountry "CAN"]
[SourceTitle "EXT 2011"]
[Source "ChessBase"]
[SourceDate "2010.11.26"]
[SourceVersion "1"]
[SourceVersionDate "2010.11.26"]
[SourceQuality "1"]

1. Nf3 Nf6 2. g3 c5 3. Bg2 Nc6 4. c4 e6 5. 0-0 Be7 6. b3 0-0 7. Bb2 d5 8. e3 dxc4 9. bxc4 Qd3 10. Na3 Rd8 11. Re1 Qg6 12. d4 e5 13. Nh4 Qh6 14. d5 e4 15. Qb1 g5 16. dxc6 gxh4 17. cxb7 Bxb7 18. Bxf6 Bxf6 19. Qxb7 hxg3 20. hxg3 Rab8 21. Qxe4 Bxa1 22. Rxa1 Qf6 23. Rf1 Rb2 24. Nb5 Rxa2 25. Nc7 Qg6 26. Qf4 Qd6 27. Qg5+ Kf8 28. Nd5 Ra6 29. Be4 h6 30. Qf5 Qg6 31. Qe5 Qg7 32. Qe7+ 1-0

[Event "Canadian op"]
[Site "Edmonton"]
[Date "2009.07.19"]
[Round "9"]
[White "Kovalyov, Anton"]
[Black "Gentes, Kevin"]
[Result "1-0"]
[WhiteElo "2557"]
[BlackElo "2270"]
[PlyCount "101"]
[EventDate "2009.07.11"]
[EventType "swiss"]
[EventRounds "9"]
[EventCountry "CAN"]
[SourceTitle "CBM 132 Extra"]
[Source "ChessBase"]
[SourceDate "2009.11.03"]
[SourceVersion "1"]
[SourceVersionDate "2009.11.03"]
[SourceQuality "1"]

1. c4 Nf6 2. Nc3 d6 3. d4 Nbd7 4. e4 e5 5. Nf3 c6 6. Be2 Be7 7. 0-0 0-0 8. Re1 Re8 9. Bf1 b6 10. Rb1 Bb7 11. d5 c5 12. a3 Rf8 13. g3 a6 14. Nh4 g6 15. Bh6 Re8 16. b4 Qc7 17. Rb3 Bc8 18. Ng2 Bf8 19. Bg5 h6 20. Bd2 Bg7 21. Ne3 Ra7 22. Bd3 Nf8 23. Qe2 Bd7 24. Reb1 Rc8 25. a4 cxb4 26. Rxb4 Rb8 27. Be1 Be8 28. a5 Rab7 29. Qb2 N8d7 30. Na4 b5 31. cxb5 Qxa5 32. Nc4 Qxa4 33. Rxa4 axb5 34. Rb4 Nc5 35. Qa3 bxc4 36. Rxb7 Rxb7 37. Rxb7 Nxb7 38. Bxc4 Nc5 39. f3 Ba4 40. Ba5 Nfd7 41. Bc7 Bf8 42. Qb4 f5 43. exf5 gxf5 44. Bf1 Bb3 45. Bh3 Bxd5 46. Bxf5 Nf6 47. Bd8 Ne8 48. Qg4+ Bg7 49. Be7 Bf7 50. Bg6 Ne6 51. Qf5 1-0

[Event "Canadian op"]
[Site "Edmonton"]
[Date "2009.07.17"]
[Round "7"]
[White "Sequillion, Aaron"]
[Black "Gentes, Kevin"]
[Result "1/2-1/2"]
[WhiteElo "2108"]
[BlackElo "2270"]
[PlyCount "43"]
[EventDate "2009.07.11"]
[EventType "swiss"]
[EventRounds "9"]
[EventCountry "CAN"]
[SourceTitle "CBM 132 Extra"]
[Source "ChessBase"]
[SourceDate "2009.11.03"]
[SourceVersion "1"]
[SourceVersionDate "2009.11.03"]
[SourceQuality "1"]

1. e4 e5 2. Nf3 Nc6 3. Bb5 a6 4. Ba4 Nf6 5. 0-0 Be7 6. Re1 b5 7. Bb3 d6 8. c3 0-0 9. h3 Bb7 10. d3 Na5 11. Bc2 c5 12. Nbd2 Re8 13. Nf1 h6 14. Ng3 Bf8 15. Nf5 d5 16. exd5 Qxd5 17. Qe2 e4 18. dxe4 Nxe4 19. Ne3 Qc6 20. b3 Nf6 21. Bb2 Qb6 22. c4 1/2-1/2

[Event "Canadian op"]
[Site "Edmonton"]
[Date "2009.07.15"]
[Round "5"]
[White "Gerzhoy, Leonid"]
[Black "Gentes, Kevin"]
[Result "1-0"]
[WhiteElo "2409"]
[BlackElo "2270"]
[PlyCount "65"]
[EventDate "2009.07.11"]
[EventType "swiss"]
[EventRounds "9"]
[EventCountry "CAN"]
[SourceTitle "CBM 132 Extra"]
[Source "ChessBase"]
[SourceDate "2009.11.03"]
[SourceVersion "1"]
[SourceVersionDate "2009.11.03"]
[SourceQuality "1"]

1. e4 e6 2. d4 d5 3. Nd2 Nf6 4. e5 Nfd7 5. Bd3 c5 6. c3 Nc6 7. Ne2 cxd4 8. cxd4 f6 9. exf6 Nxf6 10. 0-0 Bd6 11. Nf3 Qc7 12. Bg5 0-0 13. Bh4 Nh5 14. Qc2 h6 15. Bh7+ Kh8 16. Bg6 Nf4 17. Nxf4 Bxf4 18. Bg3 Bd7 19. Rad1 Rac8 20. Qe2 Rf6 21. Bb1 Be8 22. Ne5 Qe7 23. Qd3 g5 24. Ng4 Bg6 25. Qa3 Qxa3 26. bxa3 Bxb1 27. Nxf6 Bc2 28. Ra1 Nxd4 29. Bxf4 gxf4 30. f3 Rc3 31. Rf2 Nf5 32. Rc1 Ne3 33. Ng4 1-0